[Event "KONIK MORSKI REWALA 2013-B"]
[Site "Rewal"]
[Date "2013.08.28"]
[Round "8.19"]
[White "Antolak, Julia"]
[Black "Kuciel, Wladyslaw"]
[Result "0-1"]
[WhiteElo "1760"]
[BlackElo "1978"]
[PlyCount "104"]
[EventDate "2013.??.??"]

1. e4 c5 2. Nf3 e6 3. d4 cxd4 4. Nxd4 Nc6 5. Nb5 d6 6. Bf4 e5 7. Bg5 Qxg5 8.
Nc7+ Kd8 9. Nxa8 Bg4 10. Qd2 Be7 11. f3 Be6 12. Na3 Qxd2+ 13. Kxd2 Nf6 14. Nb5
Ne8 15. h4 Kc8 16. Nxa7+ Nxa7 17. Nb6+ Kc7 18. Nd5+ Bxd5 19. exd5 Nf6 20. c4
Nh5 21. Bd3 g6 22. b4 b5 23. cxb5 Nf4 24. a4 Nxd5 25. a5 Kb8 26. b6 Nc8 27. b5
Nf4 28. g3 Ne6 29. Bc4 d5 30. Bd3 Nd4 31. Rhb1 Nxf3+ 32. Kd1 e4 33. Be2 Ne5 34.
b7 Nd6 35. a6 d4 36. Ra4 d3 37. Rba1 Nxb5 38. a7+ Nxa7 39. Rxa7 dxe2+ 40. Kxe2
Rd8 41. Ra8+ Kc7 42. Rc1+ Kxb7 43. Ra5 Nc6 44. Rb5+ Kc7 45. Re5 Ba3 46. Rc4 f5
47. Ra5 Bb4 48. Ra7+ Kb6 49. Rxh7 Rd2+ 50. Ke3 Rd3+ 51. Kf2 Bd6 52. Rh6 Ne5 0-1

[Event "KONIK MORSKI REWALA 2013-B"]
[Site "Rewal"]
[Date "2013.08.28"]
[Round "8.20"]
[White "Najdzionek, Boleslaw"]
[Black "Prominski, Piotr"]
[Result "1-0"]
[WhiteElo "1911"]
[BlackElo "1796"]
[PlyCount "80"]
[EventDate "2013.??.??"]

1. d4 d5 2. c4 e6 3. Nc3 Nf6 4. Bg5 Be7 5. e3 O-O 6. Nf3 h6 7. Bh4 Ne4 8. Bxe7
Qxe7 9. Bd3 Nxc3 10. bxc3 dxc4 11. Bxc4 b6 12. O-O Bb7 13. a4 Rd8 14. Re1 c5
15. Bd3 Nc6 16. Be4 Na5 17. Bxb7 Qxb7 18. Qb1 Rac8 19. Qb5 a6 20. Qb2 Qc7 21.
Reb1 Rb8 22. Qe2 c4 23. Nd2 Rdc8 24. Ra2 Qc6 25. e4 b5 26. Rab2 Rb7 27. axb5
Rxb5 28. Rxb5 axb5 29. f3 Ra8 30. e5 Ra7 31. h3 Nb7 32. Ne4 Ra3 33. Qb2 Rb3 34.
Qa2 Rxb1+ 35. Qxb1 Qa6 36. Qb4 Na5 37. Qe7 Qa8 38. Nd6 b4 39. Qxf7+ Kh7 40. Ne8
Qb7 1-0

[Event "KONIK MORSKI REWALA 2013-B"]
[Site "Rewal"]
[Date "2013.08.28"]
[Round "8.21"]
[White "Patola, Eero"]
[Black "Zhuk, Ivan"]
[Result "1/2-1/2"]
[WhiteElo "1947"]
[BlackElo "1746"]
[PlyCount "229"]
[EventDate "2013.??.??"]

1. c4 e6 2. Nc3 b6 3. e4 Bb7 4. d4 Bb4 5. Qg4 Qf6 6. e5 Qg6 7. Qxg6 hxg6 8. Bd2
f6 9. a3 Bxc3 10. Bxc3 fxe5 11. dxe5 Ne7 12. O-O-O Nf5 13. Nf3 a5 14. Be2 a4
15. h3 Na6 16. Bd3 Nc5 17. Bb4 Nb3+ 18. Kb1 O-O-O 19. Bc2 c5 20. Bc3 Nh4 21.
Bxb3 axb3 22. Nd2 Nxg2 23. Nxb3 Nf4 24. Rh2 Rxh3 25. Rxh3 Nxh3 26. a4 Nxf2 27.
Rg1 Ne4 28. Nd2 Rf8 29. Kc1 Nxd2 30. Kxd2 Be4 31. Ke3 Bc2 32. Rg2 Bxa4 33. Rxg6
Rf7 34. b4 Bb3 35. bxc5 bxc5 36. Rg4 Bc2 37. Rg2 Bf5 38. Ba5 d5 39. exd6 Rb7
40. Kf4 g6 41. Rg3 Kd7 42. Ke5 Rb2 43. Re3 g5 44. Be1 Rc2 45. Bc3 g4 46. Kf4
Kxd6 47. Be5+ Ke7 48. Bc3 Kf7 49. Kg5 Rc1 50. Rg3 Ke7 51. Re3 Kd7 52. Kf6 Rf1
53. Kg5 Kc6 54. Bd2 Rd1 55. Bc3 Rc1 56. Kf4 Rh1 57. Kg5 Rh3 58. Kf4 Rh1 59. Kg5
Rf1 60. Be1 Kd7 61. Ba5 Rd1 62. Bc3 Rh1 63. Kf4 Rh6 64. Rg3 Ke7 65. Be5 Rh1 66.
Bc3 Kf7 67. Kg5 Rf1 68. Re3 Rh1 69. Be5 Rf1 70. Bc3 Rf2 71. Be5 Rc2 72. Bc3 Ke7
73. Kf4 Ra2 74. Be5 Ra4 75. Rc3 Kf7 76. Bd6 Ra5 77. Rb3 Kf6 78. Be5+ Kg6 79.
Bd6 Kh5 80. Rb5 Ra3 81. Bxc5 Rf3+ 82. Ke5 Bd3 83. Rb4 Rf5+ 84. Kd4 g3 85. Ba7
Bf1 86. Ke4 Rg5 87. Rb5 Bxc4 88. Rxg5+ Kxg5 89. Kf3 Kh4 90. Bb8 Bd5+ 91. Ke2
Kh3 92. Kf1 Kh2 93. Ke2 Kg2 94. Be5 Kh3 95. Kf1 Kg4 96. Kg1 Kf3 97. Bd6 Bc4 98.
Be5 g2 99. Bd6 Bf1 100. Bc7 Ke4 101. Kf2 e5 102. Bb6 Kf4 103. Bc7 Kf5 104. Bb6
e4 105. Ba7 Kf4 106. Be3+ Kg4 107. Bc5 Kh3 108. Kg1 Kg3 109. Bb6 Kf3 110. Ba5
e3 111. Bb6 Ke4 112. Bc5 e2 113. Bb4 Ke3 114. Ba5 Kd3 115. Kf2 1/2-1/2

[Event "KONIK MORSKI REWALA 2013-B"]
[Site "Rewal"]
[Date "2013.08.28"]
[Round "8.22"]
[White "Jelen, Janusz"]
[Black "Mielczarek, Joanna"]
[Result "1-0"]
[WhiteElo "1931"]
[BlackElo "1509"]
[PlyCount "99"]
[EventDate "2013.??.??"]

1. d4 Nf6 2. c4 g6 3. Nc3 Bg7 4. e4 d6 5. f4 O-O 6. e5 dxe5 7. fxe5 Nfd7 8. Nf3
c5 9. Bf4 cxd4 10. Qxd4 Nc6 11. Qe3 Qa5 12. e6 fxe6 13. Qxe6+ Kh8 14. Bd2 Nde5
15. Qd5 Nxf3+ 16. gxf3 Qxd5 17. Nxd5 Nd4 18. O-O-O Nxf3 19. Be3 Bf6 20. Be2 Ng5
21. Nc7 Rb8 22. Bxa7 Ne4 23. Bxb8 Bg5+ 24. Kc2 Nf2 25. Ba7 Bf5+ 26. Kb3 Nxh1
27. Rxh1 e5 28. Nd5 Kg7 29. h4 Be4 30. Rh3 Bf4 31. Bc5 Re8 32. Nc7 Rc8 33. Bd6
Bf5 34. Rh1 h6 35. Nd5 Rd8 36. Be7 Rd7 37. Bb4 g5 38. Rg1 Kf7 39. Bh5+ Bg6 40.
Bg4 Rd8 41. hxg5 hxg5 42. Rf1 Rh8 43. Bc3 Rh4 44. Bc8 e4 45. Be5 Ke8 46. Nxf4
gxf4 47. Bxf4 Rh5 48. Bxb7 Rh3+ 49. Kb4 Bh5 50. Bxe4 1-0

[Event "KONIK MORSKI REWALA 2013-B"]
[Site "Rewal"]
[Date "2013.08.28"]
[Round "8.23"]
[White "Biszof, Henryk"]
[Black "Murawko, Katarzyna"]
[Result "1/2-1/2"]
[WhiteElo "1730"]
[BlackElo "1904"]
[PlyCount "31"]
[EventDate "2013.??.??"]

1. e4 c5 2. Nf3 e6 3. d4 cxd4 4. Nxd4 Qb6 5. Nb3 Qc7 6. Nc3 a6 7. Bd3 b5 8. a3
Bb7 9. O-O Nf6 10. h3 d5 11. Re1 Be7 12. e5 Nfd7 13. f4 Nc6 14. Be3 O-O-O 15.
Qe2 f6 16. Qg4 1/2-1/2

[Event "KONIK MORSKI REWALA 2013-B"]
[Site "Rewal"]
[Date "2013.08.28"]
[Round "8.24"]
[White "Fronczak, Sebastian"]
[Black "Kopica, Paulina"]
[Result "1-0"]
[WhiteElo "1859"]
[BlackElo "1750"]
[PlyCount "85"]
[EventDate "2013.??.??"]

1. e4 e6 2. d4 d5 3. e5 c5 4. dxc5 Nc6 5. f4 Bxc5 6. Nf3 Nge7 7. Bd3 Nb4 8. c3
Nxd3+ 9. Qxd3 Bd7 10. Nbd2 Qb6 11. Nb3 Bf2+ 12. Kd1 Ba4 13. Bd2 Bxb3+ 14. axb3
Qxb3+ 15. Kc1 Rc8 16. Qe2 Bc5 17. Be3 Qb6 18. Bxc5 Qxc5 19. Kb1 Nc6 20. Rd1 Qb6
21. g4 Na5 22. Nd4 a6 23. f5 Kd7 24. g5 Kc7 25. fxe6 fxe6 26. Nxe6+ Qxe6 27.
Rxa5 Rcd8 28. Raxd5 Rxd5 29. Qc4+ Kb8 30. Qxd5 Qf5+ 31. Ka1 Qxg5 32. Qd6+ Ka8
33. Qc7 Rb8 34. e6 Qg4 35. Qd7 Ka7 36. Qd4+ Qxd4 37. cxd4 Kb6 38. d5 Kc7 39.
d6+ Kd8 40. Rf1 Ke8 41. Rf7 b5 42. d7+ Kd8 43. Rf8+ 1-0

[Event "KONIK MORSKI REWALA 2013-B"]
[Site "Rewal"]
[Date "2013.08.28"]
[Round "8.25"]
[White "Burakowska, Gabriela"]
[Black "Raszkiewicz, Agnieszka"]
[Result "1/2-1/2"]
[WhiteElo "1691"]
[BlackElo "1811"]
[PlyCount "64"]
[EventDate "2013.??.??"]

1. d4 c5 2. d5 e5 3. c4 d6 4. Nc3 Be7 5. e4 Bg5 6. Bxg5 Qxg5 7. Nf3 Qe7 8. Be2
Nh6 9. Qa4+ Bd7 10. Qb3 b6 11. Nb5 Bxb5 12. Qxb5+ Nd7 13. h4 Ng4 14. Nd2 Ngf6
15. g4 h6 16. O-O-O Kd8 17. g5 Ne8 18. Bg4 Nc7 19. Qxd7+ Qxd7 20. Bxd7 Kxd7 21.
Rdg1 hxg5 22. hxg5 b5 23. b3 bxc4 24. bxc4 Na6 25. a3 Rab8 26. Kc2 Nc7 27. Nb3
Na8 28. Na5 a6 29. Nc6 Rbg8 30. a4 Nb6 31. Kb3 Nc8 32. Kc3 Ne7 1/2-1/2

[Event "KONIK MORSKI REWALA 2013-B"]
[Site "Rewal"]
[Date "2013.08.28"]
[Round "8.26"]
[White "Posuniak, Weronika"]
[Black "Niedbal, Piotr"]
[Result "1/2-1/2"]
[WhiteElo "1584"]
[BlackElo "1773"]
[PlyCount "90"]
[EventDate "2013.??.??"]

1. d4 d5 2. c4 c6 3. Nc3 Nf6 4. cxd5 cxd5 5. Bf4 Bd7 6. e3 e6 7. Nf3 Be7 8. h3
O-O 9. Bd3 Qb6 10. Qe2 a6 11. O-O Nc6 12. Rfc1 Rac8 13. Ne5 Qd8 14. Nxc6 Rxc6
15. Rc2 Qa5 16. Rac1 Rfc8 17. a3 b5 18. Nb1 Qb6 19. Rxc6 Rxc6 20. Rxc6 Qxc6 21.
Qd2 Bd8 22. Qc3 Be8 23. Qxc6 Bxc6 24. Bg5 h6 25. Bxf6 Bxf6 26. f4 Kf8 27. g3
Be7 28. Kf2 Ke8 29. Ke2 f6 30. Nd2 Bd6 31. Nb3 Bd7 32. h4 Ke7 33. Nc5 Bc8 34.
b4 e5 35. Bc2 exf4 36. exf4 g5 37. hxg5 fxg5 38. fxg5 hxg5 39. Kf3 Kf6 40. Bb3
g4+ 41. Kf2 Bxc5 42. bxc5 Be6 43. Ke3 Kf5 44. Bc2+ Kg5 45. Bb3 a5 1/2-1/2

[Event "KONIK MORSKI REWALA 2013-B"]
[Site "Rewal"]
[Date "2013.08.28"]
[Round "8.27"]
[White "Gajzner, Ryszard"]
[Black "Vakhitov, Dmitri"]
[Result "1-0"]
[WhiteElo "1755"]
[BlackElo "1664"]
[PlyCount "99"]
[EventDate "2013.??.??"]

1. d4 Nf6 2. c4 e6 3. g3 d5 4. Nf3 c6 5. Bg2 Nbd7 6. O-O Be7 7. b3 O-O 8. Bb2
b6 9. Nc3 Bb7 10. Qc2 c5 11. cxd5 Nxd5 12. Nxd5 Bxd5 13. e4 Bb7 14. Rad1 Qc8
15. d5 exd5 16. exd5 Bf6 17. Bc1 Re8 18. Ng5 Bxg5 19. Bxg5 h6 20. Bf4 Nf6 21.
Rd2 Qd7 22. Rfd1 Rad8 23. h3 a6 24. g4 Rc8 25. Bf3 g5 26. Bg3 b5 27. Qd3 Ba8
28. Bg2 Red8 29. f4 c4 30. bxc4 Rxc4 31. fxg5 hxg5 32. Qe3 Nh7 33. Be4 f6 34.
Bf5 Qg7 35. Qb6 Re8 36. Be6+ Kh8 37. Qxa6 Nf8 38. Qxb5 Rc3 39. Qxe8 Rxg3+ 40.
Kh2 Ra3 41. Qh5+ Nh7 42. Rc1 Bb7 43. d6 f5 44. Qe8+ Nf8 45. Bxf5 Ra8 46. Qe7
Ba6 47. Qxg7+ Kxg7 48. Rc7+ Kg8 49. d7 Nxd7 50. Rdxd7 1-0

[Event "KONIK MORSKI REWALA 2013-B"]
[Site "Rewal"]
[Date "2013.08.28"]
[Round "8.28"]
[White "Czepczynski, Boguslaw"]
[Black "Kwasniewski, Pawel"]
[Result "1-0"]
[WhiteElo "1890"]
[BlackElo "1536"]
[PlyCount "49"]
[EventDate "2013.??.??"]

1. c4 c6 2. Nc3 d5 3. cxd5 Nf6 4. dxc6 Nxc6 5. Nf3 Bg4 6. Qa4 Qd7 7. d3 e5 8.
Bg5 Nd5 9. Nxe5 Nxc3 10. Qxg4 Nxe5 11. Qxd7+ Kxd7 12. bxc3 Ba3 13. Rb1 b6 14.
g3 Rae8 15. Bh3+ Kc6 16. O-O f6 17. Be3 g5 18. Rb3 Bd6 19. a4 Nd7 20. Bg2+ Kc7
21. a5 Nc5 22. axb6+ axb6 23. Rb5 Na4 24. Rfb1 Nxc3 25. Rc1 1-0

[Event "KONIK MORSKI REWALA 2013-B"]
[Site "Rewal"]
[Date "2013.08.28"]
[Round "8.29"]
[White "Miczek, Szczepan"]
[Black "Drela, Michal"]
[Result "1/2-1/2"]
[WhiteElo "1797"]
[BlackElo "1643"]
[PlyCount "36"]
[EventDate "2013.??.??"]

1. e4 e6 2. d4 d5 3. exd5 exd5 4. c4 Nf6 5. Nc3 Be7 6. Nf3 O-O 7. Be2 dxc4 8.
Bxc4 Bg4 9. Be3 c6 10. O-O Nbd7 11. h3 Bh5 12. Re1 Nb6 13. Be2 Nfd5 14. Nxd5
Nxd5 15. Qb3 Rb8 16. a3 Kh8 17. Rad1 Bd6 18. Bc1 Bc7 1/2-1/2

[Event "KONIK MORSKI REWALA 2013-B"]
[Site "Rewal"]
[Date "2013.08.28"]
[Round "8.30"]
[White "Hagner, Pawel"]
[Black "Maczka, Miroslawa"]
[Result "1-0"]
[WhiteElo "1772"]
[BlackElo "1563"]
[PlyCount "31"]
[EventDate "2013.??.??"]

1. d4 Nf6 2. Nf3 e6 3. Bg5 c5 4. e3 b6 5. Nbd2 Bb7 6. c3 Nc6 7. Bd3 h6 8. Bh4
Qc7 9. Qe2 Bd6 10. Nc4 b5 11. Nxd6+ Qxd6 12. Bxb5 cxd4 13. exd4 Rc8 14. Rd1 Ng4
15. Ne5 f6 16. Nxg4 1-0

[Event "KONIK MORSKI REWALA 2013-B"]
[Site "Rewal"]
[Date "2013.08.28"]
[Round "8.31"]
[White "Jaskiewicz, Kamila"]
[Black "Rudol, Matylda"]
[Result "1-0"]
[WhiteElo "1676"]
[BlackElo "1483"]
[PlyCount "35"]
[EventDate "2013.??.??"]

1. Nf3 Nf6 2. c4 e6 3. g3 d5 4. Bg2 Bd6 5. O-O O-O 6. b3 Nbd7 7. Bb2 b6 8. d4
Bb7 9. Nbd2 Qe7 10. Ne5 c5 11. cxd5 Nxd5 12. Nxd7 Qxd7 13. e4 Nc7 14. Nc4 Be7
15. dxc5 Qxd1 16. Rfxd1 Bxc5 17. Rd2 Rfc8 18. Be5 1-0

[Event "KONIK MORSKI REWALA 2013-B"]
[Site "Rewal"]
[Date "2013.08.28"]
[Round "8.32"]
[White "Puroila, Sippo"]
[Black "Krzysztofiak, Zdzislaw"]
[Result "0-1"]
[WhiteElo "1880"]
[BlackElo "1685"]
[PlyCount "32"]
[EventDate "2013.??.??"]

1. e4 e5 2. c4 c5 3. Nc3 Nc6 4. d3 d6 5. g3 Nf6 6. Bg2 Be7 7. Nge2 O-O 8. O-O
h6 9. f4 exf4 10. gxf4 Bg4 11. h3 Bh5 12. Qd2 Bxe2 13. Nxe2 Nh7 14. d4 cxd4 15.
Nxd4 Qb6 16. Rd1 Bf6 0-1

[Event "KONIK MORSKI REWALA 2013-B"]
[Site "Rewal"]
[Date "2013.08.28"]
[Round "8.33"]
[White "Zhuk, Dmitriy"]
[Black "Kardasz, Wladyslaw"]
[Result "1-0"]
[WhiteElo "1593"]
[BlackElo "1846"]
[PlyCount "91"]
[EventDate "2013.??.??"]

1. e4 d6 2. d4 Nf6 3. Nc3 c6 4. f4 g6 5. Nf3 Bg7 6. Be3 O-O 7. Bd3 b5 8. a3 a6
9. Qd2 Ng4 10. O-O-O Nd7 11. Bg1 e5 12. h3 exd4 13. Nxd4 c5 14. Nc6 Qh4 15. g3
Qxg3 16. hxg4 Qxg4 17. Be3 Qe6 18. Nd5 Nf6 19. Nce7+ Kh8 20. f5 Qe5 21. fxg6
Nh5 22. c3 fxg6 23. Bh6 Ra7 24. Nc6 Bxh6 25. Qxh6 Qg7 26. Qxg7+ Rxg7 27. Rdf1
Rgf7 28. Rxf7 Rxf7 29. Rf1 Rxf1+ 30. Bxf1 Ng3 31. Bg2 Kg7 32. Kd2 h5 33. Ke3 g5
34. Kf3 h4 35. Nce7 Bd7 36. Nc7 g4+ 37. Kf2 Nf5 38. Nxf5+ Bxf5 39. exf5 Kf6 40.
Ne8+ Kxf5 41. Nxd6+ Kf4 42. Nb7 g3+ 43. Kg1 c4 44. Nc5 Ke3 45. Nxa6 Kf4 46. Nc7
1-0

[Event "KONIK MORSKI REWALA 2013-B"]
[Site "Rewal"]
[Date "2013.08.28"]
[Round "8.35"]
[White "Kowacz, Agnieszka"]
[Black "Kasianczuk, Krzysztof"]
[Result "0-1"]
[WhiteElo "1366"]
[BlackElo "1560"]
[PlyCount "60"]
[EventDate "2013.??.??"]

1. e4 e5 2. c3 Nf6 3. d3 d5 4. Qc2 Nc6 5. Bg5 Be7 6. Nd2 O-O 7. g3 Be6 8. Bg2
Qd7 9. Bxf6 Bxf6 10. Nb3 Be7 11. h3 f5 12. exf5 Bxf5 13. Ne2 Kh8 14. g4 Bg6 15.
Ng3 a5 16. Nd2 Bc5 17. O-O Rad8 18. a3 Qe7 19. Rae1 Qh4 20. Nf5 Bxf5 21. gxf5
Rxf5 22. d4 Rdf8 23. Nf3 Rxf3 24. dxc5 R3f5 25. Re3 e4 26. Qe2 Ne5 27. Rg3 h5
28. b3 Nd3 29. c4 Nxf2 30. Qb2 Qxg3 0-1

[Event "KONIK MORSKI REWALA 2013-B"]
[Site "Rewal"]
[Date "2013.08.29"]
[Round "9.1"]
[White "Kosakowski, Jakub"]
[Black "Zurkowski, Andrzej"]
[Result "1-0"]
[WhiteElo "1846"]
[BlackElo "2003"]
[PlyCount "115"]
[EventDate "2013.??.??"]

1. e4 e5 2. Nf3 f5 3. Nxe5 Qf6 4. Nf3 fxe4 5. Qe2 d5 6. d3 Qe7 7. dxe4 dxe4 8.
Nd4 c5 9. Nb3 Nc6 10. Nc3 Bf5 11. Be3 Qe5 12. O-O-O Rd8 13. Rxd8+ Kxd8 14. Qb5
Kc8 15. Nxc5 Bxc5 16. Qxc5 Qxc5 17. Bxc5 Nf6 18. Bb5 a6 19. Bxc6 bxc6 20. Re1
Re8 21. Bd4 Nd5 22. Nxd5 cxd5 23. Re3 Re6 24. Bxg7 Rg6 25. Rg3 Rxg3 26. hxg3
Kd7 27. Kd2 Bg6 28. Ke3 Ke6 29. Kd4 Kd6 30. Be5+ Ke6 31. Bf4 Be8 32. c4 dxc4
33. Kxc4 Bb5+ 34. Kc5 Kd7 35. Kb6 Kc8 36. g4 Bc4 37. b3 Bd3 38. Kc6 Bf1 39. g3
Bd3 40. g5 Bb1 41. a3 Bc2 42. b4 Ba4+ 43. Kd5 Bc2 44. Ke6 Ba4 45. Kf7 Bd7 46.
g6 hxg6 47. Kxg6 Kd8 48. Kf6 Ke8 49. Ke5 Bc6 50. g4 Ke7 51. g5 Kf7 52. Kd6 Bb5
53. Kc5 Kg6 54. Kb6 Kf5 55. Be3 Bc4 56. a4 Bd3 57. b5 axb5 58. axb5 1-0

[Event "KONIK MORSKI REWALA 2013-B"]
[Site "Rewal"]
[Date "2013.08.29"]
[Round "9.2"]
[White "Suliborski, Jakub"]
[Black "Jaskolka, Tomasz"]
[Result "1/2-1/2"]
[WhiteElo "2002"]
[BlackElo "2019"]
[PlyCount "40"]
[EventDate "2013.??.??"]

1. e4 e6 2. d4 d5 3. exd5 exd5 4. Nf3 Nf6 5. Bd3 Bd6 6. O-O O-O 7. h3 h6 8. c3
c6 9. Re1 Re8 10. Nbd2 Nbd7 11. Nf1 Nf8 12. Rxe8 Qxe8 13. Qe1 Qxe1 14. Nxe1 Bd7
15. Bd2 Ne8 16. Nc2 Nc7 17. Re1 Re8 18. Rxe8 Nxe8 19. Nfe3 Ne6 20. a3 a6
1/2-1/2

[Event "KONIK MORSKI REWALA 2013-B"]
[Site "Rewal"]
[Date "2013.08.29"]
[Round "9.3"]
[White "Poswiatowski, Michal"]
[Black "Kostanski, Marcin"]
[Result "1-0"]
[WhiteElo "2085"]
[BlackElo "1930"]
[PlyCount "169"]
[EventDate "2013.??.??"]

1. e4 c5 2. Nf3 d6 3. Bb5+ Bd7 4. Bxd7+ Nxd7 5. O-O Ngf6 6. Qe2 e5 7. d3 Be7 8.
Nh4 Nf8 9. Nf5 Ne6 10. c3 g6 11. Nh6 Nh5 12. g3 Bg5 13. h4 Bxc1 14. Rxc1 Qf6
15. d4 exd4 16. Qb5+ Kf8 17. Qxb7 Kg7 18. Ng4 Qf3 19. Nh2 Qe2 20. Qb3 Rab8 21.
Qc2 Rxb2 22. Qxe2 Rxe2 23. cxd4 Nxd4 24. Nc3 Rb2 25. Nf1 Nf6 26. Ne3 Ne2+ 27.
Nxe2 Rxe2 28. Kf1 Rd2 29. Nc4 Rd4 30. e5 dxe5 31. Nxe5 Rc8 32. Rab1 Rc7 33. Rb5
Ne4 34. Rc2 Kf6 35. Nf3 Rd3 36. Ke2 Rc3 37. Rbb2 Ra3 38. Rb3 Ra4 39. Re3 Nd6
40. Kd1 h6 41. Rd3 Nf5 42. Rd5 Ke6 43. Re5+ Kd6 44. Rd2+ Kc6 45. Re8 Kb7 46.
Ne5 c4 47. Rb2+ Ka6 48. Nxf7 Nd4 49. Rd8 Nb5 50. Nd6 c3 51. Nxb5 cxb2 52. Nxc7+
Kb7 53. Kc2 Kxc7 54. Rh8 Rb4 55. Kb1 h5 56. Rh6 Rb6 57. Rh7+ Kb8 58. Re7 Rd6
59. Re2 Kc7 60. Kxb2 Kc6 61. Kc3 Rf6 62. Kd4 Kd6 63. Rb2 Rf7 64. Ke4 Ke6 65. a4
Rc7 66. Kd4 Kd6 67. Rb8 Ke6 68. a5 Rc6 69. Rb5 Ra6 70. Rg5 Kf6 71. Kc4 Re6 72.
Rd5 Ke7 73. Rb5 Rc6+ 74. Rc5 Rf6 75. Rc7+ Kd8 76. Rxa7 Rxf2 77. Ra6 Rf5 78. Ra7
g5 79. a6 Kc8 80. Rg7 gxh4 81. a7 Ra5 82. g4 Ra1 83. Kd4 Ra4+ 84. Ke5 Ra6 85.
Kf5 1-0

[Event "KONIK MORSKI REWALA 2013-B"]
[Site "Rewal"]
[Date "2013.08.29"]
[Round "9.4"]
[White "Grabowski, Adam"]
[Black "Zarubitski, Viachaslau"]
[Result "0-1"]
[WhiteElo "2086"]
[BlackElo "1874"]
[PlyCount "78"]
[EventDate "2013.??.??"]

1. d4 Nf6 2. Nc3 d5 3. Bg5 Bf5 4. f3 Bg6 5. e3 e6 6. Bd3 Be7 7. Nge2 c5 8. O-O
O-O 9. Kh1 cxd4 10. exd4 Nc6 11. Bxg6 hxg6 12. Be3 Rc8 13. Bf2 Na5 14. Nc1 Nc4
15. Nd3 Nxb2 16. Nxb2 Rxc3 17. Be1 Rc6 18. Nd3 Qc8 19. Rf2 Bd6 20. Rb1 Qc7 21.
g3 Rc8 22. c3 Nd7 23. Rfb2 Nb6 24. f4 Rb8 25. h4 Nc4 26. Rh2 Qe7 27. Qg4 Qf6
28. Qf3 Rb6 29. Rxb6 Nxb6 30. Bd2 Nc4 31. Be1 b5 32. Qd1 Qf5 33. Nf2 b4 34.
cxb4 Bxb4 35. Bxb4 Rxb4 36. Nd3 Qe4+ 37. Kg1 Qxd4+ 38. Rf2 Ne3 39. Qd2 Rb1+ 0-1

[Event "KONIK MORSKI REWALA 2013-B"]
[Site "Rewal"]
[Date "2013.08.29"]
[Round "9.5"]
[White "Powalka, Michal"]
[Black "Koziej, Maciej"]
[Result "1/2-1/2"]
[WhiteElo "1768"]
[BlackElo "2063"]
[PlyCount "37"]
[EventDate "2013.??.??"]

1. e4 c5 2. Nf3 a6 3. d3 Nc6 4. g3 g6 5. Bg2 Bg7 6. O-O d6 7. c3 Nf6 8. Nbd2
O-O 9. Nh4 e5 10. Nc4 b5 11. Ne3 Bb7 12. f4 exf4 13. gxf4 Re8 14. Nf3 c4 15.
dxc4 Nxe4 16. cxb5 axb5 17. Ng5 Nxg5 18. fxg5 Qb6 19. Kh1 1/2-1/2

[Event "KONIK MORSKI REWALA 2013-B"]
[Site "Rewal"]
[Date "2013.08.29"]
[Round "9.6"]
[White "Lopuszanski, Kamil"]
[Black "Zarnowski, Krzysztof"]
[Result "1/2-1/2"]
[WhiteElo "1879"]
[BlackElo "1817"]
[PlyCount "37"]
[EventDate "2013.??.??"]

1. d4 d5 2. Nc3 Nf6 3. Nf3 c5 4. Bg5 e6 5. e4 dxe4 6. Nxe4 cxd4 7. Bxf6 gxf6 8.
Nxd4 f5 9. Nc3 Bb4 10. Bc4 Bxc3+ 11. bxc3 a6 12. O-O O-O 13. Qe2 Qc7 14. Rad1
Nd7 15. Rd3 Nf6 16. f4 Kh8 17. Rh3 b5 18. Bd3 Bb7 19. Qe1 1/2-1/2

[Event "KONIK MORSKI REWALA 2013-B"]
[Site "Rewal"]
[Date "2013.08.29"]
[Round "9.7"]
[White "Nowak, Ryszard"]
[Black "Jedras, Piotr"]
[Result "1-0"]
[WhiteElo "2006"]
[BlackElo "2008"]
[PlyCount "113"]
[EventDate "2013.??.??"]

1. c4 e5 2. Nc3 d6 3. g3 g6 4. Bg2 Bg7 5. e3 c5 6. Nge2 Nc6 7. O-O Nge7 8. Nd5
O-O 9. a3 a5 10. Nec3 Rb8 11. Rb1 Be6 12. d3 b6 13. Bd2 Qd7 14. Qa4 Rfd8 15. b4
axb4 16. axb4 Bg4 17. Nxe7+ Nxe7 18. Qxd7 Rxd7 19. b5 Bf5 20. e4 Bg4 21. Ra1
Be6 22. Ra6 f5 23. Bg5 fxe4 24. Bxe7 Rxe7 25. Bxe4 Bh6 26. Na4 Bh3 27. Rb1 Kg7
28. Rxb6 Rf8 29. Rb7 Rxb7 30. Bxb7 Bf5 31. Be4 Bxe4 32. dxe4 Kf6 33. Kf1 Ke6
34. Ke2 Ra8 35. Nc3 Bg5 36. Rb2 Bd8 37. Ra2 Rxa2+ 38. Nxa2 Ba5 39. Nc1 g5 40.
Nd3 g4 41. f3 gxf3+ 42. Kxf3 Bd2 43. Kg4 Be3 44. b6 h5+ 45. Kxh5 Kd7 46. g4 Bd4
47. g5 d5 48. exd5 e4 49. Nf4 e3 50. h4 Ke7 51. b7 Be5 52. Ng6+ Kd6 53. b8=Q+
Kd7 54. Nxe5+ Ke7 55. Qc7+ Ke8 56. d6 e2 57. Qe7# 1-0

[Event "KONIK MORSKI REWALA 2013-B"]
[Site "Rewal"]
[Date "2013.08.29"]
[Round "9.8"]
[White "Skomial, Mateusz"]
[Black "Markiewicz, Mateusz"]
[Result "1-0"]
[WhiteElo "2014"]
[BlackElo "2029"]
[PlyCount "29"]
[EventDate "2013.??.??"]

1. e4 c5 2. Nf3 d5 3. exd5 Qxd5 4. Nc3 Qe6+ 5. Be2 b6 6. d4 c4 7. O-O Ba6 8.
Ng5 Qg6 9. Bh5 Qf6 10. Nd5 Qc6 11. Bxf7+ Kd8 12. Bf4 Nf6 13. Nb4 Qc8 14. d5 Bb7
15. Nc6+ 1-0

[Event "KONIK MORSKI REWALA 2013-B"]
[Site "Rewal"]
[Date "2013.08.29"]
[Round "9.9"]
[White "Stankiewicz, Pawel"]
[Black "Smieszek, Wojciech"]
[Result "1-0"]
[WhiteElo "2058"]
[BlackElo "1887"]
[PlyCount "120"]
[EventDate "2013.??.??"]

1. d4 Nf6 2. Nf3 c5 3. e3 cxd4 4. exd4 g6 5. c3 Bg7 6. Bd3 O-O 7. O-O d6 8. Bg5
Nc6 9. Re1 Re8 10. Nbd2 h6 11. Bh4 g5 12. Bg3 Bg4 13. h4 Nh5 14. hxg5 hxg5 15.
Qe2 Nxg3 16. fxg3 d5 17. Qf2 e6 18. Nf1 f5 19. N1h2 Bh5 20. Re2 g4 21. Ne1 Qg5
22. Bb5 Bg6 23. Nd3 Re7 24. Rae1 Bf7 25. Nf1 a6 26. Bxc6 bxc6 27. Nd2 Bf6 28.
Nc5 Rae8 29. Nxa6 Qh6 30. Nc5 Bg5 31. Nd3 c5 32. Nf4 cxd4 33. cxd4 Bf6 34. Nd3
Kg7 35. Nb3 Rh8 36. Kf1 Rhe8 37. Nbc5 Qh1+ 38. Qg1 Qxg1+ 39. Kxg1 Bxd4+ 40. Kf1
Bxc5 41. Nxc5 e5 42. Rd2 d4 43. b4 Bc4+ 44. Kg1 Rd8 45. Rc1 Bf7 46. Rcd1 Rb8
47. Rb2 Ra7 48. a4 Be8 49. b5 Kf6 50. Rb4 Bf7 51. b6 Re7 52. Na6 Rbb7 53. Nc5
Rb8 54. a5 Bd5 55. a6 Rh7 56. b7 Rbh8 57. Kf2 Rh2 58. Rg1 e4 59. b8=Q e3+ 60.
Ke1 Rxb8 1-0

[Event "KONIK MORSKI REWALA 2013-B"]
[Site "Rewal"]
[Date "2013.08.29"]
[Round "9.10"]
[White "Ziaja, Krystian"]
[Black "Pietinen, Pekka"]
[Result "1/2-1/2"]
[WhiteElo "1885"]
[BlackElo "2015"]
[PlyCount "111"]
[EventDate "2013.??.??"]

1. e4 e6 2. d4 d5 3. exd5 exd5 4. c4 Nf6 5. Nc3 Be7 6. Nf3 c6 7. cxd5 Nxd5 8.
Bd3 Nxc3 9. bxc3 Bg4 10. O-O Nd7 11. Re1 O-O 12. h3 Bh5 13. Rb1 b6 14. Be4 Bg6
15. Bxc6 Rc8 16. Be4 Bxe4 17. Rxe4 Nf6 18. Re2 Nd5 19. Bb2 Nxc3 20. Bxc3 Rxc3
21. Qe1 Rc7 22. Rb3 Qc8 23. Rd3 Rc1 24. Rd1 Rxd1 25. Qxd1 Bd6 26. Qc2 Qxc2 27.
Rxc2 f6 28. Rc6 Rd8 29. Kf1 Kf7 30. Ke2 Ke6 31. Kd3 Kd5 32. Rc2 Re8 33. a4 Re7
34. Rc8 Rc7 35. Rxc7 Bxc7 36. Nd2 a6 37. Nc4 b5 38. axb5 axb5 39. Ne3+ Ke6 40.
Ke4 g6 41. g4 b4 42. Kd3 Bb6 43. d5+ Kd6 44. Nc4+ Kc5 45. Nxb6 Kxb6 46. Kc4 b3
47. Kxb3 Kc5 48. Kc3 Kxd5 49. Kd3 Ke5 50. Ke3 g5 51. f3 f5 52. gxf5 Kxf5 53.
Kf2 Kf4 54. Kg2 h5 55. h4 gxh4 56. Kh3 1/2-1/2

[Event "KONIK MORSKI REWALA 2013-B"]
[Site "Rewal"]
[Date "2013.08.29"]
[Round "9.11"]
[White "Najdzionek, Boleslaw"]
[Black "Parol, Pawel"]
[Result "0-1"]
[WhiteElo "1911"]
[BlackElo "1988"]
[PlyCount "81"]
[EventDate "2013.??.??"]

1. d4 e6 2. c4 Nf6 3. Nf3 b6 4. Nc3 Bb7 5. e3 Bb4 6. Be2 Ne4 7. Qb3 Bxc3+ 8.
bxc3 O-O 9. Ba3 d6 10. O-O c5 11. Rad1 Qc7 12. Nd2 Nxd2 13. Rxd2 Nc6 14. Qc2
Rac8 15. d5 Ne7 16. e4 e5 17. Rd3 Rb8 18. Rg3 f5 19. exf5 Nxf5 20. Rg5 g6 21.
Bd3 Qe7 22. Bc1 Bc8 23. f4 exf4 24. h4 Nxh4 25. Rxf4 Rxf4 26. Bxf4 Qe1+ 27. Kh2
Nf3+ 28. gxf3 Qh4+ 29. Kg1 Qxf4 30. Qg2 Qe3+ 31. Kh2 Qxd3 32. Qg3 Bf5 33. Qxd6
Re8 34. Qf4 Qe2+ 35. Rg2 Qe5 36. Qxe5 Rxe5 37. Rd2 Kf8 38. a4 Re3 39. a5 Rxc3
40. axb6 axb6 41. Rb2 0-1